| 000 | 01629cas a2200433 4500 | ||
|---|---|---|---|
| 001 | 16250948 | ||
| 003 | OSt | ||
| 005 | 20230623125241.0 | ||
| 008 | 100525c20109999enkar l | 0eng | ||
| 010 |
_a 2010207463 _z 2009027958 |
||
| 016 | _a016234772 | ||
| 016 | 7 |
_a016234772 _2Uk |
|
| 020 | _a9780415582384 | ||
| 035 | _a(OCoLC)ocn639933205 | ||
| 040 |
_aDLC _beng _cDLC _dDLC _dOCLCF _dOCLCO _dUKMGB |
||
| 042 | _apcc | ||
| 043 | _ae-uk--- | ||
| 050 | 0 | 0 | _aKD7863.99.C75 |
| 082 | 0 | 0 |
_a345.42 _222 |
| 245 | 0 | 0 |
_aCriminal law statutes : 2010-2011. / _cEditor: Jonathan Herring |
| 260 |
_aMilton Park, Abingdon, Oxon ; _aNew York : _bRoutledge, _c2011 |
||
| 300 |
_avi, 234 p.: _c25 cm. |
||
| 310 | _aAnnual | ||
| 362 | 1 | _aBegan with: 2009/2010. | |
| 490 | 0 | _aRoutledge student statutes | |
| 500 | _aIncludes alphabetical, chronological and thematic indexes. | ||
| 500 | _aProvides key criminal law statutes that apply to English law | ||
| 505 | _aContents: Key criminal law statutes that apply to English law | ||
| 588 | _aDescription based on: 2009/2010; title from title page. | ||
| 650 | 0 |
_aCriminal law _zGreat Britain _vSources. _91860 |
|
| 650 | 7 |
_aCriminal law. _2fast _0(OCoLC)fst00883328 _91861 |
|
| 651 | 7 |
_aGreat Britain. _2fast _0(OCoLC)fst01204623 _91862 |
|
| 655 | 7 |
_aSources. _2fast _0(OCoLC)fst01423900 _91863 |
|
| 700 | 1 |
_aHerring, Jonathan. _91825 |
|
| 906 |
_a7 _bcbc _cserials _d2 _encip _f20 _gn-oclcserc |
||
| 942 |
_2lcc _cBK |
||
| 999 |
_c9832 _d17332 |
||